banner-ar

SAKKARA AND MEMPHUS: A GUIDE TO THE NECROPOLIS AND THE ANCIENT CAPITAL / (Record no. 16289)

MARC details
000 -الفاتح
حقل البيانات ثابتة الطول 00612nam a2200205Ia 4500
008 - عناصر البيانات ثابتة الطول - معلومات عامة
حقل البيانات ثابتة الطول 140319s9999 xx 000 0 eng d
040 ## - مصدر الفهرسة
وكالة الفهرسة الأصلية GCL /
وكالة النسخ GCL
082 04 - رقم تصنيف ديوى العشرى
رقم التصنيف CC
رقم المادة 916.202
-- K S
100 1# - المدخل الرئيسى - إسم شخصى
الإسم الشخصى KAMIL, JILL
245 10 - بيان العنوان
العنوان SAKKARA AND MEMPHUS: A GUIDE TO THE NECROPOLIS AND THE ANCIENT CAPITAL /
بيان المسئوليه,etc KAMIL, JILL
260 ## - PUBLICATION, DISTRIBUTION, ETC. (IMPRINT)
تاريخ النشر أو التوزيع 1978
300 ## - الوصف المادى
التعداد 192 P
650 04 - المدخل الاضافى بالموضوع-مصطلح موضوعى
مصطلح موضوعي HISTORY
650 04 - المدخل الاضافى بالموضوع-مصطلح موضوعى
مصطلح موضوعي MEMPHIS (EGYPT)
650 04 - المدخل الاضافى بالموضوع-مصطلح موضوعى
مصطلح موضوعي SAQQARAH - ANTIQUITIES-GUIDEBOOK
650 04 - المدخل الاضافى بالموضوع-مصطلح موضوعى
مصطلح موضوعي MEMPHIS ( ANCIENT CITY ) GUIDEBOOK
650 04 - المدخل الاضافى بالموضوع-مصطلح موضوعى
مصطلح موضوعي EGYPT - ANTIQUITIES - GUIDE BOOKS
942 ## - عناصر المدخل الإضافي( كوها)
مصدر التصنيف او مخطط الترفيف Dewey Decimal Classification
Koha [default] item type كتاب
260 ## - PUBLICATION, DISTRIBUTION, ETC. (IMPRINT)
-- [S.N] :
-- LONGMAN ،
Holdings
حالة التراجع حالة الفقد حالة تلف ليس للاعارة المكان المؤقت الموقع الحالى تاريخ الاكتساب اجمالي اﻻعارات رقم الطلب الباركود تاريخ اخر مشاهدة تاريخ تفعيل السعر نوع وعاء كوها
        مكتبة القاهرة الكبرى مكتبة القاهرة الكبرى 03/26/2014   CC\916.202\K S 29686 03/26/2014 03/26/2014 كتاب
        مكتبة القاهرة الكبرى مكتبة القاهرة الكبرى 03/26/2014   CC\916.202\K S 29687 03/26/2014 03/26/2014 كتاب

Powered By

EGPV